[Event "Rubinstein Memorial op-D 57th"]
[Site "Polanica Zdroj"]
[Date "2021.08.21"]
[Round "8"]
[White "Jablonski, Miroslaw"]
[Black "Rosa, Antoni"]
[Result "1-0"]
[WhiteElo "1826"]
[BlackElo "1578"]
[PlyCount "85"]
[EventDate "2021.08.14"]
[EventType "swiss"]
[EventRounds "9"]
[EventCountry "POL"]
[SourceTitle "CBM 204 Extra"]
[Source "ChessBase"]
[SourceDate "2021.11.30"]
[SourceVersion "1"]
[SourceVersionDate "2021.11.30"]
[SourceQuality "1"]

1. d4 d5 2. Nf3 e6 3. c4 Nf6 4. Nc3 b6 5. cxd5 Nxd5 6. e4 Nxc3 7. bxc3 Bb7 8. Bd3 c5 9. 0-0 Be7 10. Bb5+ Nd7 11. Ne5 Bc8 12. Nc6 Qc7 13. Nxe7 Kxe7 14. Qg4 Kf8 15. Bf4 Qb7 16. Bd6+ Kg8 17. e5 h5 18. Qh4 cxd4 19. Bd3 f5 20. cxd4 Rh6 21. Rac1 Rg6 22. f3 b5 23. Rc7 Qd5 24. Bc2 Qxa2 25. Qd8+ Kh7 26. Rxc8 Rxc8 27. Qxc8 Nb6 28. Qc3 Nd5 29. Qb3 Qa5 30. Qb1 Nf4 31. Bb4 Qd8 32. g3 h4 33. g4 Qxd4+ 34. Kh1 Nh3 35. Qe1 Qb2 36. gxf5 exf5 37. Qxh4+ Rh6 38. Bxf5+ g6 39. Qe7+ Kh8 40. Qf8+ Kh7 41. Be6 Rh5 42. Be7 Qxe5 43. Bg8+ 1-0

[Event "Rubinstein Memorial op-D 57th"]
[Site "Polanica Zdroj"]
[Date "2021.08.17"]
[Round "4"]
[White "Jablonski, Miroslaw"]
[Black "Goral, Jan"]
[Result "0-1"]
[WhiteElo "1826"]
[BlackElo "1659"]
[PlyCount "120"]
[EventDate "2021.08.14"]
[EventType "swiss"]
[EventRounds "9"]
[EventCountry "POL"]
[SourceTitle "CBM 204 Extra"]
[Source "ChessBase"]
[SourceDate "2021.11.30"]
[SourceVersion "1"]
[SourceVersionDate "2021.11.30"]
[SourceQuality "1"]

1. d4 c5 2. d5 f5 3. c4 g6 4. Nf3 Nf6 5. Nc3 Bg7 6. Qc2 d6 7. Bf4 0-0 8. e3 Na6 9. a3 Qa5 10. 0-0-0 Bd7 11. Bd3 Nc7 12. Nd2 b5 13. Nb3 Qb6 14. f3 b4 15. axb4 Qxb4 16. Na2 Qb6 17. Kd2 Ba4 18. Nac1 Rab8 19. h3 Bxb3 20. Nxb3 Qxb3 21. Rb1 Nd7 22. Bg5 Rfe8 23. Qxb3 Rxb3 24. Bc2 Rxb2 25. Rxb2 Bxb2 26. Ba4 Kf7 27. Bxd7 Rd8 28. Ba4 Ba3 29. Rb1 Bb4+ 30. Kd3 Ne8 31. e4 Nf6 32. exf5 gxf5 33. g4 Kg6 34. Be3 Nd7 35. f4 Nb6 36. Bc2 fxg4 37. hxg4 Kg7 38. f5 Nd7 39. Bf4 a5 40. Ke4 Nb6 41. Bd3 a4 42. Rh1 a3 43. g5 Bc3 44. g6 hxg6 45. Rh2 Bb2 46. Bb1 gxf5+ 47. Kxf5 Nxc4 48. Ke6 Rh8 49. Rg2+ Kf8 50. Bg5 Bf6 51. Rf2 Kg7 52. Bxf6+ exf6 53. Ke7 Rh5 54. Ba2 Re5+ 55. Kd7 Ne3 56. Kxd6 c4 57. Rf3 Rxd5+ 58. Kc6 Re5 59. Rg3+ Kf8 60. Kd6 Nf5+ 0-1

[Event "Wloclawek CC Classic 22nd"]
[Site "Wloclawek"]
[Date "2019.??.??"]
[Round "1"]
[White "Lapinski, Jerzy"]
[Black "Jablonski, Miroslaw"]
[Result "0-1"]
[WhiteElo "1269"]
[BlackElo "1907"]
[PlyCount "96"]
[EventDate "2019.04.??"]
[EventType "swiss"]
[EventRounds "7"]
[EventCountry "POL"]
[SourceTitle "EXT 2021"]
[Source "ChessBase"]
[SourceDate "2020.10.23"]
[SourceVersion "1"]
[SourceVersionDate "2020.10.23"]
[SourceQuality "1"]

1. d4 d5 2. c4 c6 3. Nc3 dxc4 4. a4 e5 5. e3 exd4 6. Qxd4 Qxd4 7. exd4 Be6 8. Nf3 Bb4 9. Ng5 Bd5 10. f3 Ne7 11. Kf2 Nf5 12. Ne2 0-0 13. Ne4 Nd7 14. Bf4 Rfe8 15. g4 Nh4 16. Bg2 Nxg2 17. Kxg2 Bxe4 18. fxe4 Rxe4 19. Kf3 Rae8 20. Ng3 Rxd4 21. Rad1 Rxd1 22. Rxd1 Nb6 23. Be3 Nd5 24. Bf2 f6 25. Ne4 b6 26. Bd4 Rd8 27. Bf2 Be7 28. h4 Nb4 29. Rxd8+ Bxd8 30. Nd6 Nd3 31. Nxc4 b5 32. axb5 cxb5 33. Nd6 Nxf2 34. Kxf2 a6 35. b3 Bc7 36. Ne4 Kf7 37. Kf3 Bb6 38. Nc3 Ke6 39. Ke4 g6 40. Ne2 f5+ 41. gxf5+ gxf5+ 42. Kd3 Ke5 43. h5 f4 44. Nc3 f3 45. Nd1 Bd4 46. Ne3 Bxe3 47. Kxe3 a5 48. Kxf3 a4 0-1

[Event "Rubinstein Memorial-A 54th"]
[Site "Polanica Zdroj"]
[Date "2018.08.18"]
[Round "1"]
[White "Psyk, Radoslaw"]
[Black "Jablonski, Miroslaw"]
[Result "1-0"]
[WhiteElo "2304"]
[BlackElo "1915"]
[PlyCount "83"]
[EventDate "2018.08.18"]
[EventType "swiss"]
[EventRounds "9"]
[EventCountry "POL"]
[SourceTitle "CBM 186 Extra"]
[Source "ChessBase"]
[SourceDate "2018.08.24"]
[SourceVersion "1"]
[SourceVersionDate "2018.08.24"]
[SourceQuality "1"]

1. e4 e5 2. Nf3 Nc6 3. Bb5 a6 4. Ba4 Nf6 5. 0-0 b5 6. Bb3 Bb7 7. Re1 Be7 8. c3 0-0 9. d4 d6 10. Nbd2 Nd7 11. Nf1 Bf6 12. Ne3 exd4 13. cxd4 Na5 14. Bc2 c5 15. d5 Ne5 16. Rb1 Nac4 17. Nxe5 Nxe5 18. f4 Ng6 19. Nf5 Bc8 20. g4 Bxf5 21. gxf5 Bd4+ 22. Kh1 Nh8 23. Be3 Bxe3 24. Rxe3 f6 25. Qg4 Ra7 26. Rg1 Qd7 27. Qh4 Kf7 28. Qh5+ g6 29. Qxh7+ Ke8 30. Qxd7+ Rxd7 31. fxg6 Rg8 32. f5 Kf8 33. Rgg3 Kg7 34. Rh3 Kf8 35. Ra3 Rdg7 36. Rxa6 Nxg6 37. fxg6 Rxg6 38. Ra8+ Kf7 39. Rh7+ R8g7 40. Ra7+ Kg8 41. Raxg7+ Rxg7 42. Rxg7+ 1-0

[Event "Wloclawek CC Classic 19th"]
[Site "Wloclawek"]
[Date "2017.??.??"]
[Round "2"]
[White "Jablonski, Miroslaw"]
[Black "Cap, Piotr"]
[Result "1-0"]
[WhiteElo "1942"]
[BlackElo "1717"]
[PlyCount "65"]
[EventDate "2017.06.??"]
[EventType "swiss"]
[EventRounds "7"]
[EventCountry "POL"]
[SourceTitle "EXT 2021"]
[Source "ChessBase"]
[SourceDate "2020.10.23"]
[SourceVersion "1"]
[SourceVersionDate "2020.10.23"]
[SourceQuality "1"]

1. d4 d6 2. e4 c6 3. f4 Qc7 4. c4 e5 5. d5 exf4 6. Bxf4 c5 7. Nc3 a6 8. Qe2 f6 9. g4 Ne7 10. g5 Ng6 11. Qh5 Qf7 12. Bh3 Bxh3 13. Nxh3 Nd7 14. 0-0 0-0-0 15. a3 Be7 16. b4 Rdf8 17. Qg4 f5 18. Qg3 Nxf4 19. Nxf4 h6 20. Ne6 hxg5 21. Rxf5 Qh5 22. Nxf8 Rxf8 23. Rxf8+ Bxf8 24. bxc5 Nxc5 25. Rf1 Be7 26. e5 dxe5 27. Qxe5 Bf6 28. Qf5+ Kb8 29. Ne4 Bd4+ 30. Kh1 Nd3 31. Qxg5 Qe2 32. Qg2 Qe3 33. Qg3+ 1-0

[Event "Wloclawek CC Classic 18th"]
[Site "Wloclawek"]
[Date "2017.??.??"]
[Round "7"]
[White "Lendzion, Kamil"]
[Black "Jablonski, Miroslaw"]
[Result "0-1"]
[WhiteElo "1575"]
[BlackElo "1960"]
[PlyCount "32"]
[EventDate "2017.04.??"]
[EventType "swiss"]
[EventRounds "7"]
[EventCountry "POL"]
[SourceTitle "EXT 2021"]
[Source "ChessBase"]
[SourceDate "2020.10.23"]
[SourceVersion "1"]
[SourceVersionDate "2020.10.23"]
[SourceQuality "1"]

1. e4 e5 2. Nf3 Nc6 3. d4 exd4 4. Nxd4 Nf6 5. Nxc6 bxc6 6. e5 Qe7 7. Qe2 Nd5 8. c4 Ba6 9. b3 Qh4 10. Nd2 Qd4 11. Rb1 Nc3 12. Qe3 Qxe3+ 13. fxe3 Nxb1 14. Nxb1 g6 15. e4 Bg7 16. Bf4 0-0-0 0-1

[Event "POL-chT3 Kujawsko Pomorskie 1617"]
[Site "Poland"]
[Date "2016.??.??"]
[Round "1.12"]
[White "Jablonski, Miroslaw"]
[Black "Cwik, Jakub"]
[Result "1-0"]
[WhiteElo "1994"]
[BlackElo "1831"]
[PlyCount "109"]
[EventDate "2016.11.06"]
[EventType "team-tourn"]
[EventRounds "9"]
[EventCountry "POL"]
[SourceTitle "EXT 2018"]
[Source "ChessBase"]
[SourceDate "2017.10.13"]
[SourceVersion "1"]
[SourceVersionDate "2017.10.13"]
[SourceQuality "1"]

1. d4 e6 2. Nf3 Nf6 3. e3 b6 4. Bd3 Bb7 5. Nbd2 c5 6. 0-0 cxd4 7. exd4 Be7 8. Re1 0-0 9. Nf1 d6 10. Ng3 Nbd7 11. c4 d5 12. b3 Rc8 13. Bb2 Bb4 14. Re2 dxc4 15. bxc4 Bxf3 16. gxf3 Qc7 17. a3 Bd6 18. Qf1 Rfe8 19. Qh3 e5 20. Rae1 exd4 21. Rxe8+ Rxe8 22. Rxe8+ Nxe8 23. Qxh7+ Kf8 24. Nf5 Ndf6 25. Qh8+ Ng8 26. Bxd4 Be5 27. Nh6 Bxh2+ 28. Kg2 gxh6 29. Bh7 Ke7 30. Bxg8 Bf4 31. Qh7 Nd6 32. Qg7 Ke8 33. Qh8 Qxc4 34. Bh7+ Kd7 35. Bf6 Qe6 36. Qd8+ Kc6 37. Bd4 Kd5 38. Bc3 Qc8 39. Qf6 Qc4 40. Be4+ Nxe4 41. Qxf7+ Kc5 42. Bb4+ Kb5 43. Qe8+ Qc6 44. a4+ Kxb4 45. Qxc6 Nc5 46. Qb5+ Ka3 47. a5 Bc7 48. Qc6 Bf4 49. axb6 axb6 50. Qxb6 Nb3 51. Qf6 Bg5 52. Qd6+ Kb2 53. f4 Bh4 54. Qxh6 Be7 55. Qg7+ 1-0

[Event "POL-chT3 1112"]
[Site "Poland"]
[Date "2012.03.11"]
[Round "8.14"]
[White "Jablonski, Miroslaw"]
[Black "Grajczak, Adrian"]
[Result "0-1"]
[WhiteElo "2036"]
[BlackElo "1969"]
[PlyCount "124"]
[EventDate "2011.11.06"]
[EventType "team-tourn"]
[EventRounds "11"]
[EventCountry "POL"]
[SourceTitle "EXT 2015"]
[Source "ChessBase"]
[SourceDate "2014.11.20"]
[SourceVersion "1"]
[SourceVersionDate "2014.11.20"]
[SourceQuality "1"]
[WhiteTeam "Torun UKS OPP"]
[BlackTeam "Chojnice UKS Osemka"]
[WhiteTeamCountry "POL"]
[BlackTeamCountry "POL"]

1. d4 Nf6 2. Nf3 d6 3. c4 Nbd7 4. Nc3 g6 5. e4 e5 6. Be3 Bg7 7. Qc2 0-0 8. dxe5 dxe5 9. h3 c6 10. g4 h5 11. g5 Nh7 12. 0-0-0 Qe7 13. Be2 Nc5 14. Rdg1 Rd8 15. Bxc5 Qxc5 16. Nd1 Nf8 17. Qc3 a5 18. Qe3 Qe7 19. Nc3 a4 20. Rd1 Bd7 21. Qb6 Rdb8 22. Qc7 Qc5 23. Rxd7 Nxd7 24. Qxd7 Rd8 25. Qc7 Rac8 26. Qxb7 Bf8 27. Rd1 Rb8 28. Qc7 Rxd1+ 29. Nxd1 Bd6 30. Qd7 a3 31. b3 Rxb3 32. Qd8+ Kh7 33. Qf6 Rb7 34. Bd3 Re7 35. Kc2 Bc7 36. Nd2 Bd8 37. Nb3 Qd6 38. c5 Qc7 39. h4 Re6 40. Qf3 f6 41. Bc4 Re8 42. gxf6 Rf8 43. f7 Bxh4 44. Ne3 Qe7 45. Qg2 Qf6 46. f3 Bg5 47. Nf1 Kg7 48. Ng3 h4 49. Ne2 Rd8 50. Qh3 Kf8 51. Qg4 Kg7 52. Qh3 Be3 53. Qg2 Qe7 54. Qh2 Bxc5 55. Nc3 Be3 56. Qh3 Bf4 57. Ne2 Bg5 58. Nec1 Bxc1 59. Kxc1 Qb4 60. f8Q+ Kxf8 61. Qe6 Qc3+ 62. Kb1 Qb2# 0-1

[Event "POL-chT3 1112"]
[Site "Poland"]
[Date "2012.02.12"]
[Round "6.8"]
[White "Jablonski, Miroslaw"]
[Black "Ciemniak, Krzysztof"]
[Result "0-1"]
[WhiteElo "2036"]
[BlackElo "1972"]
[PlyCount "72"]
[EventDate "2011.11.06"]
[EventType "team-tourn"]
[EventRounds "11"]
[EventCountry "POL"]
[SourceTitle "EXT 2015"]
[Source "ChessBase"]
[SourceDate "2014.11.20"]
[SourceVersion "1"]
[SourceVersionDate "2014.11.20"]
[SourceQuality "1"]
[WhiteTeam "Torun UKS OPP"]
[BlackTeam "Bydgoszcz Wiartrak"]
[WhiteTeamCountry "POL"]
[BlackTeamCountry "POL"]

1. e4 e5 2. f4 exf4 3. Bc4 Nf6 4. Nc3 Nc6 5. Nf3 Bb4 6. d3 d5 7. exd5 Nxd5 8. Bxd5 Bxc3+ 9. bxc3 Qxd5 10. Bxf4 0-0 11. 0-0 Qc5+ 12. Kh1 Qxc3 13. Ng5 Qa5 14. Bd2 Qd5 15. Rb1 f6 16. Ne4 Ne5 17. Bb4 Rf7 18. Nc3 Qd4 19. Ne2 Qh4 20. Be1 Qh5 21. Qd2 b6 22. Rb5 Bd7 23. Rb4 Ng6 24. Ng3 Qd5 25. c4 Qe6 26. d4 Re8 27. d5 Qe3 28. Qd1 Rfe7 29. Bd2 Qd4 30. Qc1 Ne5 31. Be3 Qh4 32. Qb1 a5 33. d6 cxd6 34. Rxb6 Nxc4 35. Rb3 Nxe3 36. Re1 Ng4 0-1

[Event "POL-chT3 1112"]
[Site "Poland"]
[Date "2011.??.??"]
[Round "2.8"]
[White "Wisniewski, Przemyslaw"]
[Black "Jablonski, Miroslaw"]
[Result "1-0"]
[WhiteElo "2074"]
[BlackElo "2036"]
[PlyCount "63"]
[EventDate "2011.11.06"]
[EventType "team-tourn"]
[EventRounds "11"]
[EventCountry "POL"]
[SourceTitle "EXT 2015"]
[Source "ChessBase"]
[SourceDate "2014.11.20"]
[SourceVersion "1"]
[SourceVersionDate "2014.11.20"]
[SourceQuality "1"]
[WhiteTeam "Bydgoszcz Chemik II"]
[BlackTeam "Torun UKS OPP"]
[WhiteTeamCountry "POL"]
[BlackTeamCountry "POL"]

1. e4 c5 2. Nc3 Nc6 3. d3 e5 4. g3 d6 5. Bg2 Be7 6. Nge2 Bg4 7. h3 Be6 8. f4 g6 9. 0-0 Qd7 10. Nd5 0-0-0 11. Kh2 h5 12. b4 Bxd5 13. exd5 Nxb4 14. c3 Na6 15. fxe5 dxe5 16. Rxf7 Nh6 17. Bxh6 Rxh6 18. Rb1 b6 19. d6 Qxd6 20. Qa4 Nc7 21. Qxa7 g5 22. Be4 Kd7 23. c4 Rf8 24. Rxf8 Bxf8 25. Nc3 Ke8 26. Qb8+ Ke7 27. Rf1 Rf6 28. Rxf6 Kxf6 29. Qxc7 Qxc7 30. Nd5+ Ke6 31. Nxc7+ Kd6 32. Nd5 1-0

[Event "POL-chT3 Kujawsko Pomorskie 0708"]
[Site "Poland"]
[Date "2008.03.30"]
[Round "10.10"]
[White "Jablonski, Miroslaw"]
[Black "Pavlovskiy, Pavel"]
[Result "0-1"]
[WhiteElo "2095"]
[BlackElo "1910"]
[PlyCount "76"]
[EventDate "2007.11.04"]
[EventType "team-tourn"]
[EventRounds "11"]
[EventCountry "POL"]
[SourceTitle "EXT 2019"]
[Source "ChessBase"]
[SourceDate "2018.10.10"]
[SourceVersion "1"]
[SourceVersionDate "2018.10.10"]
[SourceQuality "1"]

1. d4 Nf6 2. c4 g6 3. Nc3 Bg7 4. e4 d6 5. Nf3 0-0 6. Be2 e5 7. 0-0 Nc6 8. d5 Ne7 9. Nd2 Ne8 10. b4 f5 11. f3 f4 12. Nb3 g5 13. c5 Ng6 14. a4 h5 15. Ba3 Rf7 16. Rc1 Bf8 17. Na5 Rg7 18. Kh1 Nf6 19. Qc2 g4 20. Nb5 a6 21. cxd6 axb5 22. dxc7 Qe7 23. d6 Qxd6 24. Rfd1 Qe7 25. Rd8 Ne8 26. Bxb5 Nxc7 27. Rd3 Nxb5 28. axb5 Be6 29. Rc3 Rd8 30. b6 gxf3 31. Rc7 fxg2+ 32. Kg1 Qd6 33. Rxg7+ Bxg7 34. Nxb7 Qxb6+ 35. Nc5 f3 36. Qf2 Bg4 37. Nd3 Qxf2+ 38. Nxf2 Nf4 0-1

[Event "POL-chT3 0607"]
[Site "Poland"]
[Date "2007.03.04"]
[Round "9.34"]
[White "Miziula, Patryk"]
[Black "Jablonski, Miroslaw"]
[Result "0-1"]
[WhiteElo "1964"]
[BlackElo "2080"]
[PlyCount "128"]
[EventDate "2006.11.12"]
[EventType "team"]
[EventRounds "11"]
[EventCountry "POL"]
[SourceTitle "EXT 2009"]
[Source "ChessBase"]
[SourceDate "2008.11.26"]
[SourceVersion "1"]
[SourceVersionDate "2008.11.26"]
[SourceQuality "1"]

1. d4 Nf6 2. c4 e6 3. Nf3 b6 4. g3 Bb7 5. Bg2 d5 6. cxd5 Nxd5 7. 0-0 Nd7 8. Nc3 Be7 9. Re1 Nxc3 10. bxc3 Be4 11. Qa4 c6 12. d5 exd5 13. Nd4 b5 14. Qa6 Qb6 15. Qxb6 Nxb6 16. Nxc6 Bf6 17. Nd4 b4 18. Bxe4 dxe4 19. Nb5 0-0 20. Rb1 bxc3 21. Bf4 Nd5 22. Rec1 g5 23. Nc7 Rad8 24. Nxd5 Rxd5 25. Bc7 Rd2 26. Ba5 Rc8 27. Rb3 Rxe2 28. Bxc3 Bxc3 29. Rbxc3 Rxc3 30. Rxc3 Rxa2 31. Rc4 e3 32. fxe3 Kg7 33. Rc6 a5 34. h4 gxh4 35. gxh4 a4 36. h5 h6 37. Ra6 a3 38. Kf1 Ra1+ 39. Kg2 a2 40. e4 Kf8 41. Ra7 Ke8 42. Kh2 Kd8 43. Kg2 Kc8 44. Kh2 Kb8 45. Ra3 Kc7 46. Ra6 Kb7 47. Ra3 Kb6 48. Ra8 Kc5 49. Ra5+ Kd4 50. Ra4+ Kc3 51. Ra8 Kb2 52. Rb8+ Kc3 53. Ra8 Kd4 54. Ra4+ Ke5 55. Kg2 Kf4 56. Kh2 Kg4 57. Ra5 Re1 58. Rxa2 Rxe4 59. Rg2+ Kxh5 60. Kh3 Rh4+ 61. Kg3 Rg4+ 62. Kf3 Rxg2 63. Kxg2 Kg4 64. Kf2 f5 0-1

[Event "POL-chT3 0607"]
[Site "Poland"]
[Date "2007.02.18"]
[Round "8.4"]
[White "Jablonski, Miroslaw"]
[Black "Lewandowski, Robert"]
[Result "1-0"]
[WhiteElo "2080"]
[BlackElo "1800"]
[PlyCount "55"]
[EventDate "2006.11.12"]
[EventType "team"]
[EventRounds "11"]
[EventCountry "POL"]
[SourceTitle "EXT 2009"]
[Source "ChessBase"]
[SourceDate "2008.11.26"]
[SourceVersion "1"]
[SourceVersionDate "2008.11.26"]
[SourceQuality "1"]

1. e4 e5 2. f4 exf4 3. Bc4 Nc6 4. d4 Bb4+ 5. c3 Be7 6. Qh5 d5 7. Bxd5 g6 8. Qf3 Nf6 9. Bb3 Na5 10. Bxf4 Nxb3 11. axb3 Bg4 12. Qd3 Nh5 13. Be5 f6 14. Bg3 Nxg3 15. Qxg3 Be6 16. Nd2 Bd6 17. Qe3 g5 18. e5 fxe5 19. dxe5 Be7 20. Ngf3 b6 21. Nd4 Qd5 22. 0-0 Bc5 23. Ne4 0-0-0 24. Nxc5 Qxc5 25. b4 Qd5 26. Nxe6 Qxe6 27. Rxa7 Rde8 28. Qe4 1-0

[Event "POL-chT3 0607"]
[Site "Poland"]
[Date "2007.01.28"]
[Round "6.10"]
[White "Sworowski, Piotr"]
[Black "Jablonski, Miroslaw"]
[Result "1-0"]
[WhiteElo "2013"]
[BlackElo "2080"]
[PlyCount "81"]
[EventDate "2006.11.12"]
[EventType "team"]
[EventRounds "11"]
[EventCountry "POL"]
[SourceTitle "EXT 2009"]
[Source "ChessBase"]
[SourceDate "2008.11.26"]
[SourceVersion "1"]
[SourceVersionDate "2008.11.26"]
[SourceQuality "1"]

1. e4 c5 2. Nf3 Nc6 3. d4 cxd4 4. Nxd4 Nf6 5. Nc3 e5 6. Ndb5 d6 7. Bg5 a6 8. Na3 b5 9. Nd5 Be7 10. Bxf6 Bxf6 11. c3 Bg5 12. Nc2 0-0 13. a4 bxa4 14. Rxa4 a5 15. Bc4 Rb8 16. b3 Kh8 17. Nce3 g6 18. 0-0 f5 19. exf5 gxf5 20. f4 exf4 21. Nc2 Ne5 22. Qd4 Bd7 23. Ra2 Bh6 24. Nxf4 Bg7 25. Qxd6 Nxc4 26. bxc4 Bxc3 27. Rd1 Qg5 28. Ra3 Bf6 29. Rg3 Qh6 30. Rh3 Qg7 31. Qxd7 Qxd7 32. Rxd7 Rb1+ 33. Kf2 Rb2 34. Rd2 Bg5 35. Rf3 Rc8 36. Re2 Rxc4 37. Ne3 Rxe2+ 38. Nxe2 Re4 39. Nxf5 Kg8 40. Rg3 h6 41. Nxh6+ 1-0

[Event "POL-chT3 0607"]
[Site "Poland"]
[Date "2007.01.07"]
[Round "4.17"]
[White "Jablonski, Miroslaw"]
[Black "Robak, Zbigniew"]
[Result "1-0"]
[WhiteElo "2080"]
[BlackElo "2283"]
[PlyCount "52"]
[EventDate "2006.11.12"]
[EventType "team"]
[EventRounds "11"]
[EventCountry "POL"]
[SourceTitle "EXT 2009"]
[Source "ChessBase"]
[SourceDate "2008.11.26"]
[SourceVersion "1"]
[SourceVersionDate "2008.11.26"]
[SourceQuality "1"]

1. d4 d5 2. Nf3 e6 3. e3 Nf6 4. Bd3 c5 5. c3 Nc6 6. Nbd2 Qc7 7. 0-0 Bd7 8. Re1 0-0-0 9. a3 e5 10. dxe5 Ng4 11. Qc2 Ncxe5 12. Nxe5 Qxe5 13. Nf3 Qh5 14. c4 dxc4 15. Qxc4 Bc6 16. e4 Bd6 17. h3 Ne5 18. Nxe5 Bxe5 19. Be2 Qh4 20. Bg4+ Kb8 21. Be3 b6 22. Rab1 h5 23. Bf3 Bb7 24. b4 cxb4 25. Qxb4 Rd7 26. Qb5 f6 1-0

[Event "Torun-ch"]
[Site "Torun"]
[Date "2006.??.??"]
[Round "9"]
[White "Bartosik, Piotr1111"]
[Black "Jablonski, Miroslaw"]
[Result "1/2-1/2"]
[WhiteElo "1952"]
[BlackElo "2062"]
[PlyCount "41"]
[EventDate "2006.??.??"]
[EventType "swiss"]
[EventRounds "9"]
[EventCountry "POL"]
[SourceTitle "EXT 2007"]
[Source "ChessBase"]
[SourceDate "2006.11.23"]
[SourceVersion "1"]
[SourceVersionDate "2006.11.23"]
[SourceQuality "1"]

1. e4 c5 2. Nf3 Nc6 3. d4 cxd4 4. Nxd4 Nf6 5. Nc3 e5 6. Ndb5 d6 7. Bg5 a6 8. Na3 b5 9. Bxf6 gxf6 10. Nd5 Bg7 11. Bd3 Ne7 12. Nxe7 Qxe7 13. 0-0 0-0 14. c4 f5 15. Qf3 bxc4 16. exf5 Rb8 17. Nxc4 d5 18. Qxd5 Rd8 19. Qe4 Rd4 20. f6 Qxf6 21. Qe2 1/2-1/2